| 000 | 01008nam0a2200289 i 4500 | ||
|---|---|---|---|
| 001 | RU\NLR\BIBL_A\011196926 | ||
| 005 | 20240727035155.0 | ||
| 010 |
_a9785990766464 _950 |
||
| 021 |
_aRU _b2016-59477 _93774 |
||
| 035 | _a(NLR Aleph) 011196926 | ||
| 090 |
_a11898142 _c11898142 |
||
| 100 | _a20160817d2016 u y0rusy50 ca | ||
| 101 | 0 | _arus | |
| 102 | _aRU | ||
| 105 | _aa z 001ay | ||
| 200 | 1 |
_aТочка _e[исповедь последнего романтика] _eкнига стихов _fЮрий Дудуев |
|
| 210 |
_aМосква _cОбраз _d2016 |
||
| 215 |
_a151 с. _cцв. ил. _d21 |
||
| 225 | 1 | _aПоэтическая серия "Вдохновение" | |
| 320 | _aДр. произведения авт. на обороте тит. л. | ||
| 686 | 2 | _aШ6(2=Р)8-5 | |
| 700 | 1 |
_aДудуев _bЮ. В. _f1983- _gЮрий Владимирович |
|
| 942 | _cBOOK | ||
| 980 | _aNBR | ||